Personnages Disney/Pixar en images - R - Statistiques

Statistiques générales
  • Ce quiz a été pris 585 fois
  • Le résultat moyen est 11 sur 20
Statistiques - réponses
Par images Réponse % Correct
Raiponce
99%
Ralph
96%
Robin des bois
92%
Riri
84%
Rex
82%
Reine de Coeur
78%
Raya
74%
Rafiki
70%
Riley Andersen
68%
Rouky
66%
Rajah
58%
Russell
48%
Roger Radcliff
41%
Roquefort
28%
Ratigan
23%
Roublard
13%
Roxanne
12%
Ramone
11%
Rufus
7%
Razmotte
5%
Aucun quiz correspondant
Distribution des résultats
% des personnes avec chaque résultat
Percentile par nombre de réponses
Votre historique - résultats
Vous n’avez pas pris ce quiz